00190 a2200085 4500001000700000040003500007100002900042240001900071245001400090146270 cEscola São Tomás de Aquino aOLIVEIRA, Dinah Sales de10aPollyannalpor10aPollyanna